[Event "AUTO-OPEN-4266"]
[Site "http://www.queenalice.com/game.php?id=1646921"]
[Date "2021.3.18"]
[Round "1"]
[White "patoche"]
[Black "pomar"]
[Result "1-0"]
[WhiteElo "2679"]
[BlackElo "2066"]

1. d4 e6 2. c4 d5 3. Nc3 a6 4. cxd5 exd5 5. Bf4 c6 6. e3 Bb4 7. Bd3 Ne7 8. Nf3
Bg4 9. Qb3 Bxc3+ 10. bxc3 b5 11. Nh4 h6 12. a4 Nd7 13. Bg3 Nb6 14. h3 Be6 15.
axb5 axb5 16. O-O O-O 17. Qb4 Ng6 18. Bxg6 fxg6 19. Nxg6 Rf7 20. Ne5 Rc7 21.
Rxa8 Qxa8 22. Qd6 Qc8 23. Ng6 Rf7 24. Ne7+ Rxe7 25. Qxe7 Na4 26. Ra1 Qd7 27.
Qxd7 Bxd7 28. Bd6 Kf7 29. g4 Nxc3 30. Ra7 Ke6 31. Bc5 g6 32. f4 Nd1 33. f5+ gxf5
34. gxf5+ Kxf5 35. Rxd7 Nxe3 36. Kf2 Nc2 37. Ke2 Ke4 38. Kd2 Nxd4 39. Re7+ Kf4
40. Bxd4 b4 41. Re3 h5 42. Rb3 1-0

[Event "AUTO-OPEN-4266"]
[Site "http://www.queenalice.com/game.php?id=1646922"]
[Date "2021.3.18"]
[Round "1"]
[White "pomar"]
[Black "patoche"]
[Result "0-1"]
[WhiteElo "2064"]
[BlackElo "2675"]

1. f3 e5 2. Kf2 d5 3. e3 Nc6 4. g3 Bc5 5. c4 d4 6. Qb3 Nf6 7. Bh3 e4 8. Bxc8
Qxc8 9. Kg2 h5 10. Ne2 exf3+ 11. Kxf3 Qf5+ 12. Kg2 Qe4+ 13. Kg1 dxe3 14. dxe3
Ng4 15. Nd2 Bxe3+ 0-1

[Event "Challenge"]
[Site "http://www.queenalice.com/game.php?id=1647398"]
[Date "2021.3.22"]
[Round "-"]
[White "patoche"]
[Black "ivansm"]
[Result "1-0"]
[WhiteElo "2676"]
[BlackElo "2219"]

1. d4 d5 2. c4 dxc4 3. e3 e5 4. Bxc4 exd4 5. exd4 Bb4+ 6. Nc3 Nf6 7. Nf3 Qe7+ 8.
Be3 Ne4 9. O-O Nxc3 10. bxc3 Bxc3 11. Rc1 Bb4 12. a3 Bd6 13. Bg5 Qd7 14. Re1+
Kf8 15. Bd2 f6 16. Qe2 Qe7 17. Qd3 Qd8 18. Ba2 b6 19. Qb3 Qd7 20. Bb4 Bb7 21.
Rxc7 1-0

[Event "Challenge"]
[Site "http://www.queenalice.com/game.php?id=1647399"]
[Date "2021.3.22"]
[Round "-"]
[White "ivansm"]
[Black "patoche"]
[Result "0-1"]
[WhiteElo "2218"]
[BlackElo "2678"]

1. e4 c6 2. Nf3 d5 3. exd5 cxd5 4. d4 Nc6 5. h3 Bf5 6. Bd3 Bxd3 7. Qxd3 e6 8. a3
Bd6 9. O-O Nge7 10. Nc3 Rc8 11. Nb5 Bb8 12. Re1 h6 13. Ne5 a6 14. Nc3 Nxe5 15.
dxe5 O-O 16. Bf4 Ng6 17. Bg3 Qg5 18. Qe3 Qxe3 19. fxe3 Rc6 20. Rac1 Rfc8 21. Re2
Bxe5 22. Bxe5 Nxe5 23. a4 Nc4 24. Nd1 Nb6 25. a5 Nc4 26. b4 f5 27. c3 Kf7 28.
Kh2 Nd6 29. g3 g5 30. Rf2 Rc4 31. Kg2 Rxb4 32. cxb4 Rxc1 33. Nb2 Rc3 34. Re2 Rb3
0-1

[Event "Challenge"]
[Site "http://www.queenalice.com/game.php?id=1648130"]
[Date "2021.3.29"]
[Round "-"]
[White "ivansm"]
[Black "patoche"]
[Result "0-1"]
[WhiteElo "2219"]
[BlackElo "2680"]

1. e4 Nc6 2. Nf3 e6 3. d4 d5 4. exd5 exd5 5. Bb5 Bb4+ 6. c3 Bd6 7. Bg5 Ne7 8.
O-O O-O 9. Nbd2 f6 10. Bh4 Nf5 11. Bg3 Re8 12. Qb3 Nxg3 13. fxg3 Bf8 14. Rfe1
Be6 15. Re2 a6 16. Bd3 Qd7 17. Rae1 g6 18. Qc2 Bf7 19. a3 Bh6 20. Nb3 b6 21. h3
Rxe2 22. Rxe2 a5 23. Nh2 Qd6 24. Ng4 Bg7 25. Kh2 a4 26. Nd2 f5 27. Nf2 Bxd4 28.
cxd4 Nxd4 29. Qc3 Nxe2 30. Bxe2 Re8 31. Bb5 c6 32. Bd3 Qc5 33. Qxc5 bxc5 34. Kg1
c4 35. Bf1 Re1 36. Nf3 Rb1 37. Ne5 Be8 38. Nfd3 cxd3 39. Nxd3 c5 40. Nxc5 Bb5
0-1

[Event "Challenge"]
[Site "http://www.queenalice.com/game.php?id=1648133"]
[Date "2021.3.29"]
[Round "-"]
[White "ivansm"]
[Black "patoche"]
[Result "0-1"]
[WhiteElo "2218"]
[BlackElo "2681"]

1. e4 e5 2. Nf3 Nc6 3. Bc4 Nf6 4. Nc3 Nxe4 5. Nd5 Nd6 6. Bb3 e4 7. Ng1 a5 8. a3
Nd4 9. Ba2 c6 10. Ne3 N6f5 11. Nxf5 Nxf5 12. Ne2 d5 13. d3 exd3 14. Qxd3 Bd6 15.
Bf4 O-O 16. O-O Re8 17. Bxd6 Nxd6 18. Rfe1 Bf5 19. Qb3 Qf6 20. Ng3 a4 21. Qb4
Bxc2 22. Nh5 Qh6 23. Nxg7 Red8 24. Re3 Qxg7 25. Rg3 Bg6 26. Bb1 c5 27. Qd2 Nc4
28. Bxg6 Nxd2 29. Bc2 Ra6 30. Rxg7+ Kxg7 31. h3 Nc4 32. Rb1 Rb6 33. Bxa4 Nxb2
34. Bc2 d4 35. Bd3 c4 36. Bxc4 Nxc4 0-1

[Event "Challenge"]
[Site "http://www.queenalice.com/game.php?id=1648780"]
[Date "2021.4.5"]
[Round "-"]
[White "ivansm"]
[Black "patoche"]
[Result "0-1"]
[WhiteElo "2218"]
[BlackElo "2683"]

1. e4 c5 2. Nc3 Nc6 3. Bc4 e6 4. Nf3 Nf6 5. O-O d5 6. exd5 exd5 7. Bb5 Bd6 8.
Re1+ Be6 9. Ne5 Qc7 10. d4 O-O 11. Bxc6 bxc6 12. Nf3 Bg4 13. Qd3 Bxf3 14. Qxf3
Bxh2+ 15. Kf1 cxd4 16. Ne2 Be5 17. Bf4 Rfe8 18. Bxe5 Qxe5 19. Rad1 c5 20. Nxd4
Ne4 21. Qf5 Nd2+ 22. Kg1 Qxd4 23. Rxe8+ Rxe8 24. Qg5 Nf3+ 0-1

[Event "Challenge"]
[Site "http://www.queenalice.com/game.php?id=1648889"]
[Date "2021.4.6"]
[Round "-"]
[White "patoche"]
[Black "ivansm"]
[Result "1-0"]
[WhiteElo "2684"]
[BlackElo "2217"]

1. d4 d6 2. e4 g6 3. Nc3 Bg7 4. f4 e6 5. Nf3 Ne7 6. Be3 O-O 7. Qd2 Nd7 8. e5 Nf5
9. Bf2 dxe5 10. dxe5 Nb6 11. O-O-O Bd7 12. Bxb6 Bc6 13. Bc5 Re8 14. Qf2 Qb8 15.
g4 Ne7 16. h4 Nd5 17. h5 Nxf4 18. hxg6 Nxg6 19. Ng5 Bxh1 20. Qxf7+ Kh8 21. Rd7
Rg8 22. Bd3 Nxe5 23. Qh5 h6 24. Qxh6+ 1-0

[Event "AUTO-OPEN-4135"]
[Site "http://www.queenalice.com/game.php?id=1649889"]
[Date "2021.4.17"]
[Round "3"]
[White "patoche"]
[Black "pony"]
[Result "1-0"]
[WhiteElo "2677"]
[BlackElo "2392"]

1. d4 Nf6 2. c4 e6 3. Nf3 d5 4. Nc3 dxc4 5. e4 Bb4 6. Bg5 c5 7. Bxc4 cxd4 8.
Nxd4 Bxc3+ 9. bxc3 Qa5 10. Bxf6 Qxc3+ 11. Kf1 gxf6 12. Rc1 Qa5 13. h4 Ke7 14.
Qg4 Nc6 15. Nxc6+ bxc6 16. Rh3 Ba6 17. Bxa6 Qxa6+ 18. Kg1 1-0

[Event "AUTO-OPEN-4135"]
[Site "http://www.queenalice.com/game.php?id=1649890"]
[Date "2021.4.17"]
[Round "3"]
[White "pony"]
[Black "patoche"]
[Result "1/2-1/2"]
[WhiteElo "2389"]
[BlackElo "2674"]

1. d4 Nf6 2. Bf4 b5 3. e3 a6 4. Nd2 e6 5. h3 c5 6. Ngf3 Nc6 7. c3 Bb7 8. Bd3 c4
9. Bc2 Ne7 10. O-O Ng6 11. Bh2 Be7 12. e4 O-O 13. Qe2 Rc8 14. Rfe1 d5 15. Ne5
Nxe5 16. Bxe5 b4 17. Bxf6 Bxf6 18. e5 Be7 19. f4 Rb8 20. Nf1 Bc6 21. Ne3 g6 22.
g4 Qa5 23. Nd1 Bd7 24. f5 Bh4 1/2-1/2

[Event "AUTO-ELITE-2328"]
[Site "http://www.queenalice.com/game.php?id=1650326"]
[Date "2021.4.20"]
[Round "1"]
[White "speedmaxL"]
[Black "patoche"]
[Result "1/2-1/2"]
[WhiteElo "2463"]
[BlackElo "2683"]

1. d4 Nf6 2. c4 Nc6 3. Nf3 e6 4. a3 d6 5. Nc3 g6 6. e4 Bg7 7. Be2 O-O 8. O-O Re8
9. d5 Ne7 10. Bf4 exd5 11. cxd5 c6 12. dxc6 Nxc6 13. Qc2 Nh5 14. Be3 Bxc3 15.
Qxc3 Rxe4 1/2-1/2

[Event "AUTO-ELITE-2328"]
[Site "http://www.queenalice.com/game.php?id=1650327"]
[Date "2021.4.20"]
[Round "1"]
[White "patoche"]
[Black "speedmaxL"]
[Result "1/2-1/2"]
[WhiteElo "2680"]
[BlackElo "2461"]

1. d4 Nf6 2. c4 e6 3. Nf3 c5 4. d5 exd5 5. cxd5 d6 6. e4 g6 7. Bf4 Nh5 8. Be3
Bg7 9. Nc3 O-O 10. Be2 f5 11. exf5 Bxf5 12. O-O Nf6 13. Ng5 Qe7 14. Bd3 Ng4 15.
Bxf5 Nxe3 16. Be6+ Kh8 17. fxe3 Rxf1+ 18. Qxf1 Qxg5 19. Qf7 1/2-1/2

[Event "AUTO-ELITE-2328"]
[Site "http://www.queenalice.com/game.php?id=1650332"]
[Date "2021.4.20"]
[Round "1"]
[White "patoche"]
[Black "parapunzi"]
[Result "1-0"]
[WhiteElo "2668"]
[BlackElo "2613"]

1. d4 Nf6 2. c4 e6 3. Nf3 b6 4. a3 Ba6 5. Qc2 Bb7 6. Nc3 c5 7. dxc5 bxc5 8. Bf4
Be7 9. h3 O-O 10. e3 Qb6 11. Be2 Nc6 12. O-O Rac8 13. Rab1 1-0

[Event "AUTO-ELITE-2328"]
[Site "http://www.queenalice.com/game.php?id=1650333"]
[Date "2021.4.20"]
[Round "1"]
[White "parapunzi"]
[Black "patoche"]
[Result "0-1"]
[WhiteElo "2601"]
[BlackElo "2675"]

1. e4 c6 2. d4 d5 3. Nc3 dxe4 4. Nxe4 Bf5 5. Ng3 Bg6 6. N1e2 Nd7 7. h4 h6 8. Nf4
Bh7 9. Bd3 Bxd3 10. Qxd3 e6 11. Bd2 Ngf6 12. O-O-O Bd6 0-1

[Event "Challenge"]
[Site "http://www.queenalice.com/game.php?id=1715673"]
[Date "2021.4.26"]
[Round "-"]
[White "Vilnius"]
[Black "patoche"]
[Result "0-1"]
[WhiteElo "1964"]
[BlackElo "2679"]

1. e4 c6 2. Nc3 d5 3. exd5 cxd5 4. d4 Nf6 5. h3 e6 6. a3 Nc6 7. Nf3 Bd6 8. Be3
a6 9. Bd3 O-O 10. O-O b5 11. b4 Bb7 12. Re1 Qc7 13. Bg5 Nd7 14. Qd2 Nb6 15. Qe2
Nxd4 16. Nxd4 Qxc3 17. Nxe6 Rae8 18. Bd2 Qf6 19. Bxh7+ Kxh7 20. Nxf8+ Rxf8 21.
Qd3+ Kg8 22. Bc3 Qg5 23. Bd4 Nc4 24. Re2 Bc8 25. Rae1 Bf5 26. Qc3 Qf4 27. g3 Qh6
28. h4 Qg6 29. Kg2 Be4+ 30. Kf1 Qf5 31. Kg1 Be5 32. f4 Bxd4+ 33. Qxd4 Qh3 34.
Rxe4 Qxg3+ 35. Kf1 dxe4 36. Rxe4 Qxh4 37. Qd3 Rd8 38. Rd4 Re8 39. Qf3 Re1+ 40.
Kg2 Qh1+ 0-1

[Event "AUTO-ELITE-2328"]
[Site "http://www.queenalice.com/game.php?id=1767710"]
[Date "2021.8.23"]
[Round "2"]
[White "Ahlkhanvio"]
[Black "patoche"]
[Result "1/2-1/2"]
[WhiteElo "2621"]
[BlackElo "2665"]

1. d4 Nf6 2. Bf4 c5 3. e3 Nd5 4. Bg3 Qb6 5. Nc3 Nxc3 6. bxc3 e6 7. d5 Qa5 8. Qd2
d6 9. c4 Qxd2+ 10. Kxd2 Be7 11. Bd3 O-O 12. Ne2 e5 13. Nc3 f5 14. f3 Nd7 15. a4
g6 1/2-1/2

[Event "AUTO-ELITE-2328"]
[Site "http://www.queenalice.com/game.php?id=1767711"]
[Date "2021.8.23"]
[Round "2"]
[White "patoche"]
[Black "Ahlkhanvio"]
[Result "1/2-1/2"]
[WhiteElo "2664"]
[BlackElo "2622"]

1. d4 d5 2. c4 c6 3. Nc3 Nf6 4. Nf3 dxc4 5. a4 Bf5 6. e3 e6 7. Bxc4 Bb4 8. O-O
Nbd7 9. Nh4 O-O 10. f3 Bg6 11. Qb3 a5 12. Nxg6 hxg6 13. e4 e5 14. Ne2 exd4 15.
Nxd4 1/2-1/2

[Event "AUTO-ELITE-2328"]
[Site "http://www.queenalice.com/game.php?id=1767712"]
[Date "2021.8.23"]
[Round "2"]
[White "pt58"]
[Black "patoche"]
[Result "1-0"]
[WhiteElo "2599"]
[BlackElo "2672"]

1. e4 c6 2. d4 d5 3. Nd2 dxe4 4. Nxe4 Nd7 5. Bc4 Ngf6 6. Ng5 e6 7. Qe2 Nb6 8.
Bd3 h6 9. N5f3 c5 10. dxc5 Na4 11. Ne5 Nxc5 12. Bb5+ Bd7 13. Nxd7 Ncxd7 14. Nf3
a6 15. Bxd7+ Qxd7 16. O-O Bc5 17. b3 O-O 18. Bb2 Rfd8 19. h3 Qc6 20. Rfe1 a5 21.
a4 Bb4 22. Ne5 Qa6 23. Qxa6 Rxa6 24. Rad1 1-0

[Event "AUTO-ELITE-2328"]
[Site "http://www.queenalice.com/game.php?id=1767713"]
[Date "2021.8.23"]
[Round "2"]
[White "patoche"]
[Black "pt58"]
[Result "0-1"]
[WhiteElo "2682"]
[BlackElo "2589"]

1. d4 Nf6 2. c4 g6 3. Nc3 Bg7 4. e4 d6 5. h3 O-O 6. Be3 c5 7. d5 e6 8. Nf3 exd5
9. exd5 b5 10. cxb5 Nbd7 11. Be2 Nb6 12. Qb3 Bb7 13. Rd1 Qc8 14. O-O c4 15. Qc2
Nbxd5 16. Nxd5 Nxd5 17. Qxc4 Nxe3 18. fxe3 Qe8 19. Qb3 Bh6 20. Rxd6 Bxe3+ 21.
Kh1 Bf4 22. Rdd1 Rd8 0-1